15 Seconds - Months of the Year - French - Statistics

General Stats
  • This quiz has been taken 9 times
  • The average score is 6 of 12
Answer Stats
Answer % Correct
mai
100%
février
80%
janvier
80%
avril
60%
juillet
60%
juin
60%
mars
60%
août
40%
septembre
40%
décembre
20%
novembre
20%
octobre
20%
No matching quizzes found
Score Distribution
Percent of People with Each Score
Percentile by Number Answered
Your Score History
You have not taken this quiz